000 00788nas a2200253 4500
001 BR8002347
003 BR-BrBNA
005 20231205084308.0
007 ta
008 230509b bl.|||p| |||| 00| 00por d
040 _aBR-BrBNA
_bpor
_cBiblioteca Nacional de Agricultura
041 _a(En, Pt)
072 _aE70
100 1 _aCardoso, M.
245 1 _aA maior prestadora de servicos de cafe [Empresa comercial; Cia Luar de Armazens Gerais; Exportacao; Brasil]
650 _aComercializacao
650 _aCafe
650 _aArmazenagem
650 _aExportacao
650 _aEmpresa comercial
773 0 _tRevista do Comercio de Cafe (Brazil)
_xISSN 0034-9224
_g(Jan 1981), v. 61(667) p. 14-17
_wBR8002347
909 _a202311
_bLúcia
_c55
_dLúcia Elande
942 _2AGRIS
_n0
_cANA
999 _c104338
_d104338